Mathequiz: kleines Einmaleins - Statistiken

Allgemein
  • Dieses Quiz wurde 376 mal gespielt
  • Das Durchschnittsergebnis liegt bei 20 aus 20
Antwortstatistiken
Hint Antwort % Korrekt
1×1 1
100%
2×8 16
100%
3×7 21
100%
1×3 3
100%
3×2 6
100%
2×4 8
100%
2×5 10
99%
10×10 100
99%
2×9 18
99%
3×8 24
99%
5×5 25
99%
6×5 30
99%
5×8 40
99%
6×7 42
99%
9×5 45
99%
7×7 49
99%
9×9 81
99%
3×3 9
99%
6×8 48
98%
7×9 63
98%
Keine übereinstimmenden Quizze gefunden
Verteilung der Resultate
Anzahl Personen mit jedem Resultat
Perzentil nach korrekt beantworteten Fragen
Ihre Resultats-Entwicklung
Sie haben dieses Quiz noch nicht gespielt